007140000a220012100045001000035000002450066000353000046001015200285001477730045004329420008004779520090004859990017005751 aValencia Rincón, Juan Carlos10aLibélula blues : X Festival musical en la Libélula Dorada aVol.0, núm.20 (Mayo, 2007), Página 38 aEs uno de los pocos espacios que tiene Bogotá para promover bandas de blues y jazz por fuera de los grandes escenarios. Su director, César Álvarez, es un aficcionado al rock desde los años setenta. Desde hace una década Bogotá tiene un lugar para el blues y el jazz.0 tArcadia / Andrés Felipe Solano, Editor cANA 001040708HEMaFUSBCbFUSBCd2016-01-26l0o r2016-01-26 00:00:00w2016-01-26yANA c62199d62199